000 00601nam a22001817a 4500
999 _c19441
_d19441
003 AR-CdUCM
008 190517b ||||| |||| 00| 0 spa d
040 _aMUNICIPALIDAD PROVINCIAL DEL CUSCO
_cBIBLIOTECA MUNICIPAL DEL CUSCO
082 _a985.053 /
_bH919
100 _aHumberto Delgado, Luis
_940767
245 _aHistoria del general Mariano Ignacio Prado :
_bcaudillo y procer del Perú /
260 _aLima :
_bAriel,
_c1957.
300 _a331 páginas ;
_c25 cm.
505 _aManuel Ignacio Prado biografía.
650 _aManuel Ignacio Prado.
_940768
942 _2ddc
_cLIBROS
945 _awfj